| 000 | 00961nam0a22002771 4500 | ||
|---|---|---|---|
| 001 | RU\NLR\INFOCOMM\LIB\31163 | ||
| 005 | 20250617205606.0 | ||
| 035 | _a(NLR Aleph) 004301916 | ||
| 090 |
_a2616669 _c2616669 |
||
| 100 | _a20010920d1982 |||y0rusy50 ca | ||
| 101 | 1 |
_afin _cest |
|
| 102 | _aRU | ||
| 105 | _aa ||||000ay | ||
| 200 | 1 |
_aPerunakarnevaalit _eRihvan Benitan ja Jossin avioelämän loppupäivät _eRomaani _fAimée Beekman _gsuom. Kerttu Kyhälä-Juntunen,Taitellija A.Dudin |
|
| 210 |
_aМ. _cProgress _d1982 |
||
| 215 |
_a313, [1] с. _cил. _d21 см |
||
| 300 | _aНа обороте тит. л. : Глухие бубенцы: Роман/Эмэ Бээкман | ||
| 700 | 1 |
_aBeekman _bA. _f1933 _gAimée _4070 |
|
| 702 | 1 |
_aKyhälä-Juntunen _bK. _gKerttu _4730 |
|
| 702 | 1 |
_aDudin _bA. _4340 |
|
| 801 | 1 |
_aRU _bInfoComm _c20010920 |
|
| 801 | 0 |
_aRU _bNLR _gPSBO _c19830729 |
|
| 852 |
_aNLR _bН _jФин/3-5620 |
||
| 942 | _cBOOK | ||
| 980 | _aNB | ||